[Event "Campeonato de España Blitz 2017"]
[Site "Linares"]
[Date "2017.08.12"]
[Round "1"]
[White "De La Fuente Gonzalez, Francisco"]
[Black "Vallejo Pons, Francisco"]
[Result "0-1"]
[Board "1"]
[WhiteTitle "CM"]
[WhiteElo "2111"]
[WhiteCountry "ESP"]
[WhiteFideId "2216574"]
[WhiteEloChange "-2"]
[BlackTitle "GM"]
[BlackElo "2677"]
[BlackCountry "ESP"]
[BlackFideId "2205530"]
[BlackEloChange "1"]

1. d4 {[%clk 0:03:02]} f5 {[%clk 0:03:02]} 2. Nf3 {[%clk 0:03:00]} Nf6 {[%clk
0:03:03]} 3. g3 {[%clk 0:02:59]} e6 {[%clk 0:03:04]} 4. Bg2 {[%clk 0:02:59]} d5
{[%clk 0:03:05]} 5. O-O {[%clk 0:02:57]} Bd6 {[%clk 0:03:06]} 6. c4 {[%clk
0:02:50]} O-O {[%clk 0:03:06]} 7. b3 {[%clk 0:02:45]} b6 {[%clk 0:03:06]} 8. Ba3
{[%clk 0:02:41]} Bb7 {[%clk 0:03:06]} 9. Bxd6 {[%clk 0:02:32]} cxd6 {[%clk
0:03:02]} 10. Nc3 {[%clk 0:02:27]} Qe7 {[%clk 0:02:23]} 11. cxd5 {[%clk 0:02:18]}
Nxd5 {[%clk 0:02:24]} 12. Nxd5 {[%clk 0:02:16]} Bxd5 {[%clk 0:02:24]} 13. Rc1
{[%clk 0:02:07]} Nd7 {[%clk 0:02:19]} 14. Nd2 {[%clk 0:01:49]} Bxg2 {[%clk
0:02:10]} 15. Kxg2 {[%clk 0:01:50]} Nf6 {[%clk 0:02:10]} 16. e3 {[%clk 0:01:43]}
Rac8 {[%clk 0:02:02]} 17. Qf3 {[%clk 0:01:33]} g5 {[%clk 0:01:49]} 18. Qe2 {[%clk
0:00:51]} Qb7+ {[%clk 0:01:40]} 19. Qf3 {[%clk 0:00:43]} Qd7 {[%clk 0:01:30]} 20.
Qe2 {[%clk 0:00:39]} h6 {[%clk 0:01:04]} 21. Rc4 {[%clk 0:00:32]} b5 {[%clk
0:01:04]} 22. Rcc1 {[%clk 0:00:26]} a6 {[%clk 0:01:05]} 23. Kg1 {[%clk 0:00:20]}
Qb7 {[%clk 0:01:05]} 24. f3 {[%clk 0:00:17]} Kg7 {[%clk 0:00:56]} 25. e4 {[%clk
0:00:14]} Qb6 {[%clk 0:00:55]} 26. Qd3 {[%clk 0:00:11]} f4 {[%clk 0:00:51]} 27.
g4 {[%clk 0:00:10]} e5 {[%clk 0:00:48]} 28. b4 {[%clk 0:00:09]} a5 {[%clk
0:00:19]} 29. a3 {[%clk 0:00:09]} axb4 {[%clk 0:00:19]} 30. axb4 {[%clk 0:00:10]}
d5 {[%clk 0:00:13]} 31. Kg2 {[%clk 0:00:11]} dxe4 {[%clk 0:00:11]} 32. Nxe4
{[%clk 0:00:11]} Qxd4 {[%clk 0:00:10]} 33. Qxd4 {[%clk 0:00:12]} exd4 {[%clk
0:00:10]} 34. Nd6 {[%clk 0:00:11]} Rxc1 {[%clk 0:00:08]} 35. Rxc1 {[%clk
0:00:12]} Rd8 {[%clk 0:00:08]} 36. Nxb5 {[%clk 0:00:10]} Nd5 {[%clk 0:00:07]} 37.
Kf2 {[%clk 0:00:07]} Nxb4 {[%clk 0:00:06]} 38. Rc7+ {[%clk 0:00:07]} Kg8 {[%clk
0:00:06]} 39. Rc4 {[%clk 0:00:07]} d3 {[%clk 0:00:03]} 40. Rxb4 {[%clk 0:00:06]}
d2 {[%clk 0:00:05]} 41. Nc3 {[%clk 0:00:07]} d1Q {[%clk 0:00:05]} 42. Nxd1 {[%clk
0:00:08]} Rxd1 {[%clk 0:00:06]} 43. Kg2 {[%clk 0:00:09]} Rd2+ {[%clk 0:00:07]}
44. Kg1 {[%clk 0:00:09]} Rd3 {[%clk 0:00:07]} 45. Kg2 {[%clk 0:00:10]} Kg7 {[%clk
0:00:08]} 46. Rb6 {[%clk 0:00:12]} Rd2+ {[%clk 0:00:09]} 47. Kg1 {[%clk 0:00:13]}
Rc2 {[%clk 0:00:08]} 48. Kf1 {[%clk 0:00:09]} Rxh2 {[%clk 0:00:08]} 49. Rb7+
{[%clk 0:00:10]} Kf6 {[%clk 0:00:09]} 50. Rb6+ {[%clk 0:00:11]} Ke5 {[%clk
0:00:10]} 51. Kg1 {[%clk 0:00:10]} Rh4 {[%clk 0:00:09]} 52. Kg2 {[%clk 0:00:11]}
h5 {[%clk 0:00:08]} 53. Rh6 {[%clk 0:00:10]} hxg4 {[%clk 0:00:08]} 54. Rxh4
{[%clk 0:00:10]} gxf3+ {[%clk 0:00:08]} 55. Kxf3 {[%clk 0:00:11]} gxh4 {[%clk
0:00:09]} 0-1

[Event "Campeonato de España Blitz 2017"]
[Site "Linares"]
[Date "2017.08.12"]
[Round "1"]
[White "Aparicio Garcia, Enrique"]
[Black "Bruzon Batista, Lazaro"]
[Result "0-1"]
[Board "3"]
[WhiteElo "2107"]
[WhiteCountry "ESP"]
[WhiteFideId "2258064"]
[WhiteEloChange "-2"]
[BlackTitle "GM"]
[BlackElo "2662"]
[BlackCountry "CUB"]
[BlackFideId "3503739"]
[BlackEloChange "1"]

1. d4 {[%clk 0:03:02]} Nf6 {[%clk 0:03:02]} 2. f3 {[%clk 0:03:01]} d5 {[%clk
0:02:58]} 3. e4 {[%clk 0:03:01]} dxe4 {[%clk 0:02:49]} 4. Nc3 {[%clk 0:03:02]}
exf3 {[%clk 0:02:49]} 5. Nxf3 {[%clk 0:03:02]} Bf5 {[%clk 0:02:39]} 6. Ne5 {[%clk
0:02:21]} e6 {[%clk 0:02:38]} 7. g4 {[%clk 0:02:11]} Be4 {[%clk 0:01:59]} 8. Nxe4
{[%clk 0:01:12]} Nxe4 {[%clk 0:02:00]} 9. Qf3 {[%clk 0:01:12]} Nd6 {[%clk
0:02:00]} 10. Bd3 {[%clk 0:00:31]} Qh4+ {[%clk 0:01:37]} 11. Ke2 {[%clk 0:00:18]}
f6 {[%clk 0:01:28]} 12. Nc4 {[%clk 0:00:16]} Nc6 {[%clk 0:01:27]} 13. c3 {[%clk
0:00:14]} O-O-O {[%clk 0:01:20]} 14. Bf4 {[%clk 0:00:10]} Nxc4 {[%clk 0:01:11]}
15. Bxc4 {[%clk 0:00:11]} Bd6 {[%clk 0:01:12]} 16. Bg3 {[%clk 0:00:10]} Qh6
{[%clk 0:01:03]} 17. Bxe6+ {[%clk 0:00:09]} Kb8 {[%clk 0:01:05]} 18. Kd3 {[%clk
0:00:08]} Bxg3 {[%clk 0:01:04]} 19. Qxg3 {[%clk 0:00:07]} Rhe8 {[%clk 0:01:04]}
20. Bf5 {[%clk 0:00:07]} Ne5+ {[%clk 0:01:04]} 21. Kc2 {[%clk 0:00:08]} Nc4
{[%clk 0:01:04]} 22. Kb3 {[%clk 0:00:04]} Nd6 {[%clk 0:00:53]} 23. Rhe1 {[%clk
0:00:04]} Qd2 {[%clk 0:00:53]} 24. Rxe8 {[%clk 0:00:04]} Rxe8 {[%clk 0:00:54]}
25. Bc2 {[%clk 0:00:04]} Re2 {[%clk 0:00:54]} 26. Qd3 {[%clk 0:00:04]} Qxd3
{[%clk 0:00:42]} 27. Bxd3 {[%clk 0:00:05]} Rxh2 {[%clk 0:00:43]} 28. Re1 {[%clk
0:00:06]} a5 {[%clk 0:00:34]} 29. a3 {[%clk 0:00:07]} a4+ {[%clk 0:00:34]} 30.
Ka2 {[%clk 0:00:07]} h5 {[%clk 0:00:34]} 31. gxh5 {[%clk 0:00:08]} Rxh5 {[%clk
0:00:35]} 32. Re7 {[%clk 0:00:08]} Rg5 {[%clk 0:00:36]} 33. Bc2 {[%clk 0:00:05]}
b5 {[%clk 0:00:36]} 34. Bd3 {[%clk 0:00:05]} Kb7 {[%clk 0:00:36]} 35. Re2 {[%clk
0:00:03]} Kb6 {[%clk 0:00:38]} 36. Rf2 {[%clk 0:00:03]} Rg3 {[%clk 0:00:39]} 37.
Bc2 {[%clk 0:00:04]} Rg5 {[%clk 0:00:39]} 38. Re2 {[%clk 0:00:06]} f5 {[%clk
0:00:39]} 39. Rf2 {[%clk 0:00:07]} g6 {[%clk 0:00:40]} 40. Bd3 {[%clk 0:00:08]}
Rg3 {[%clk 0:00:41]} 41. Bf1 {[%clk 0:00:09]} g5 {[%clk 0:00:42]} 42. Be2 {[%clk
0:00:09]} g4 {[%clk 0:00:43]} 43. Bd1 {[%clk 0:00:10]} Re3 {[%clk 0:00:44]} 44.
Bc2 {[%clk 0:00:10]} g3 {[%clk 0:00:44]} 45. Rg2 {[%clk 0:00:10]} f4 {[%clk
0:00:45]} 46. Bd1 {[%clk 0:00:10]} Re1 {[%clk 0:00:41]} 47. Bg4 {[%clk 0:00:09]}
Nc4 {[%clk 0:00:42]} 48. Bh5 {[%clk 0:00:09]} Ne3 {[%clk 0:00:43]} 49. Rd2 {[%clk
0:00:08]} g2 {[%clk 0:00:43]} 0-1

[Event "Campeonato de España Blitz 2017"]
[Site "Linares"]
[Date "2017.08.12"]
[Round "1"]
[White "Larino Nieto, David"]
[Black "Gines Esteo, Pedro Antonio"]
[Result "1-0"]
[Board "6"]
[WhiteTitle "GM"]
[WhiteElo "2595"]
[WhiteCountry "ESP"]
[WhiteFideId "2256444"]
[WhiteEloChange "1"]
[BlackTitle "FM"]
[BlackElo "2104"]
[BlackCountry "ESP"]
[BlackFideId "32080190"]
[BlackEloChange "-2"]

1. e3 {[%clk 0:03:02]} d6 {[%clk 0:03:00]} 2. d4 {[%clk 0:02:59]} Nf6 {[%clk
0:03:00]} 3. Be2 {[%clk 0:02:59]} g6 {[%clk 0:02:57]} 4. g4 {[%clk 0:02:59]} Bg7
{[%clk 0:02:56]} 5. h4 {[%clk 0:02:51]} h5 {[%clk 0:02:56]} 6. g5 {[%clk
0:02:52]} Nfd7 {[%clk 0:02:49]} 7. b3 {[%clk 0:02:44]} c5 {[%clk 0:02:49]} 8. Bb2
{[%clk 0:02:45]} Nc6 {[%clk 0:02:49]} 9. c3 {[%clk 0:02:45]} cxd4 {[%clk
0:02:30]} 10. exd4 {[%clk 0:02:45]} O-O {[%clk 0:02:00]} 11. Nd2 {[%clk 0:02:46]}
e5 {[%clk 0:02:01]} 12. d5 {[%clk 0:02:47]} Ne7 {[%clk 0:02:02]} 13. Ne4 {[%clk
0:02:45]} Nc5 {[%clk 0:01:38]} 14. Nxc5 {[%clk 0:02:45]} dxc5 {[%clk 0:01:39]}
15. c4 {[%clk 0:02:46]} Nf5 {[%clk 0:01:39]} 16. Bd3 {[%clk 0:02:20]} e4 {[%clk
0:00:58]} 17. Bxg7 {[%clk 0:02:20]} Kxg7 {[%clk 0:00:59]} 18. Bc2 {[%clk
0:01:53]} Nd4 {[%clk 0:00:48]} 19. Qd2 {[%clk 0:01:51]} Bg4 {[%clk 0:00:47]} 20.
Bd1 {[%clk 0:01:50]} Bf3 {[%clk 0:00:44]} 21. Bxf3 {[%clk 0:01:29]} exf3 {[%clk
0:00:45]} 22. O-O-O {[%clk 0:01:29]} a5 {[%clk 0:00:46]} 23. Qc3 {[%clk 0:01:21]}
a4 {[%clk 0:00:42]} 24. b4 {[%clk 0:01:19]} Kg8 {[%clk 0:00:39]} 25. bxc5 {[%clk
0:01:11]} Nf5 {[%clk 0:00:40]} 26. Nxf3 {[%clk 0:01:10]} Qc7 {[%clk 0:00:31]} 27.
Nd4 {[%clk 0:00:59]} Qf4+ {[%clk 0:00:28]} 28. Rd2 {[%clk 0:00:53]} Rfc8 {[%clk
0:00:25]} 29. Nxf5 {[%clk 0:00:52]} Qxf5 {[%clk 0:00:26]} 30. c6 {[%clk 0:00:52]}
bxc6 {[%clk 0:00:26]} 31. d6 {[%clk 0:00:52]} c5 {[%clk 0:00:28]} 32. Re1 {[%clk
0:00:50]} Rab8 {[%clk 0:00:27]} 33. Qd3 {[%clk 0:00:49]} Qf4 {[%clk 0:00:13]} 34.
d7 {[%clk 0:00:47]} Rd8 {[%clk 0:00:14]} 35. Re4 {[%clk 0:00:48]} Qc7 {[%clk
0:00:12]} 36. Re7 {[%clk 0:00:44]} Qb6 {[%clk 0:00:12]} 37. Qc2 {[%clk 0:00:43]}
Qc6 {[%clk 0:00:10]} 38. Qc3 {[%clk 0:00:38]} Qh1+ {[%clk 0:00:10]} 39. Rd1
{[%clk 0:00:39]} Rb1+ {[%clk 0:00:10]} 40. Kxb1 {[%clk 0:00:40]} Qxd1+ {[%clk
0:00:11]} 41. Kb2 {[%clk 0:00:40]} Rb8+ {[%clk 0:00:06]} 42. Ka3 {[%clk 0:00:41]}
1-0

[Event "Campeonato de España Blitz 2017"]
[Site "Linares"]
[Date "2017.08.12"]
[Round "1"]
[White "Gil Quilez, Sonia"]
[Black "Narciso Dublan, Marc"]
[Result "0-1"]
[Board "7"]
[WhiteTitle "WFM"]
[WhiteElo "2101"]
[WhiteCountry "ESP"]
[WhiteFideId "2263980"]
[WhiteEloChange "-2"]
[BlackTitle "GM"]
[BlackElo "2582"]
[BlackCountry "ESP"]
[BlackFideId "2201500"]
[BlackEloChange "1"]

1. d4 {[%clk 0:03:02]} e6 {[%clk 0:03:02]} 2. c4 {[%clk 0:03:01]} f5 {[%clk
0:03:04]} 3. Nc3 {[%clk 0:02:58]} Bb4 {[%clk 0:03:04]} 4. g3 {[%clk 0:02:57]}
Bxc3+ {[%clk 0:03:05]} 5. bxc3 {[%clk 0:02:58]} Nf6 {[%clk 0:03:06]} 6. Ba3
{[%clk 0:02:52]} d6 {[%clk 0:03:07]} 7. Bg2 {[%clk 0:02:53]} O-O {[%clk 0:03:07]}
8. Nf3 {[%clk 0:02:53]} Nc6 {[%clk 0:03:04]} 9. O-O {[%clk 0:02:50]} Ne4 {[%clk
0:02:56]} 10. Qc2 {[%clk 0:02:38]} Na5 {[%clk 0:02:54]} 11. Qa4 {[%clk 0:01:47]}
b6 {[%clk 0:02:21]} 12. Rac1 {[%clk 0:01:26]} Bd7 {[%clk 0:02:20]} 13. Qc2 {[%clk
0:01:15]} Nxc4 {[%clk 0:02:20]} 14. Bb2 {[%clk 0:01:15]} Rc8 {[%clk 0:01:45]} 15.
Rfd1 {[%clk 0:01:15]} Qe8 {[%clk 0:01:44]} 16. Re1 {[%clk 0:00:55]} Ba4 {[%clk
0:01:45]} 17. Qb1 {[%clk 0:00:48]} c5 {[%clk 0:01:38]} 18. Nh4 {[%clk 0:00:35]}
Ned2 {[%clk 0:01:20]} 19. Qa1 {[%clk 0:00:36]} Qb5 {[%clk 0:01:21]} 20. d5 {[%clk
0:00:24]} e5 {[%clk 0:01:18]} 21. Nxf5 {[%clk 0:00:12]} Rxf5 {[%clk 0:01:17]} 22.
Bh3 {[%clk 0:00:14]} Rcf8 {[%clk 0:01:16]} 23. Bxf5 {[%clk 0:00:12]} Rxf5 {[%clk
0:01:17]} 24. e4 {[%clk 0:00:13]} Nf3+ {[%clk 0:01:11]} 0-1

[Event "Campeonato de España Blitz 2017"]
[Site "Linares"]
[Date "2017.08.12"]
[Round "1"]
[White "Korneev, Oleg"]
[Black "Santamaria Fernandez, Guillermo"]
[Result "1-0"]
[Board "8"]
[WhiteTitle "GM"]
[WhiteElo "2578"]
[WhiteCountry "ESP"]
[WhiteFideId "4156803"]
[WhiteEloChange "1"]
[BlackElo "2098"]
[BlackCountry "ESP"]
[BlackFideId "32004346"]
[BlackEloChange "-2"]

1. e4 {[%clk 0:03:04]} e5 {[%clk 0:03:03]} 2. Nf3 {[%clk 0:03:03]} Nc6 {[%clk
0:03:04]} 3. Bc4 {[%clk 0:03:04]} Bc5 {[%clk 0:03:05]} 4. O-O {[%clk 0:03:05]}
Nf6 {[%clk 0:03:05]} 5. d3 {[%clk 0:03:06]} a6 {[%clk 0:03:06]} 6. c3 {[%clk
0:03:07]} Ba7 {[%clk 0:03:04]} 7. Nbd2 {[%clk 0:03:05]} O-O {[%clk 0:03:01]} 8.
Bb3 {[%clk 0:02:50]} d6 {[%clk 0:02:47]} 9. h3 {[%clk 0:02:49]} Ne7 {[%clk
0:02:36]} 10. Re1 {[%clk 0:02:50]} Ng6 {[%clk 0:02:37]} 11. Nf1 {[%clk 0:02:49]}
Be6 {[%clk 0:02:29]} 12. Ng3 {[%clk 0:02:40]} Re8 {[%clk 0:02:05]} 13. d4 {[%clk
0:02:26]} c6 {[%clk 0:01:32]} 14. Bc2 {[%clk 0:02:13]} Qc7 {[%clk 0:01:23]} 15.
Bg5 {[%clk 0:02:07]} Nf4 {[%clk 0:00:56]} 16. Bxf4 {[%clk 0:01:53]} exf4 {[%clk
0:00:56]} 17. Ne2 {[%clk 0:01:53]} Nh5 {[%clk 0:00:53]} 18. Qd2 {[%clk 0:01:54]}
d5 {[%clk 0:00:47]} 19. e5 {[%clk 0:01:53]} f6 {[%clk 0:00:36]} 20. Nxf4 {[%clk
0:01:50]} Nxf4 {[%clk 0:00:36]} 21. Qxf4 {[%clk 0:01:51]} Rf8 {[%clk 0:00:30]}
22. Qh4 {[%clk 0:01:42]} g6 {[%clk 0:00:24]} 23. exf6 {[%clk 0:01:39]} Rae8
{[%clk 0:00:13]} 24. Ng5 {[%clk 0:01:31]} Bb8 {[%clk 0:00:13]} 25. g3 {[%clk
0:01:00]} Rxf6 {[%clk 0:00:13]} 26. Nxh7 {[%clk 0:00:56]} Qxh7 {[%clk 0:00:14]}
27. Qxf6 {[%clk 0:00:56]} Qxh3 {[%clk 0:00:14]} 28. Qxg6+ {[%clk 0:00:54]} Kf8
{[%clk 0:00:15]} 29. Re3 {[%clk 0:00:41]} Bf7 {[%clk 0:00:16]} 30. Rxe8+ {[%clk
0:00:36]} Kxe8 {[%clk 0:00:16]} 31. Re1+ {[%clk 0:00:35]} Kf8 {[%clk 0:00:16]}
32. Qf6 {[%clk 0:00:33]} Bxg3 {[%clk 0:00:14]} 33. Qe7+ {[%clk 0:00:25]} 1-0

[Event "Campeonato de España Blitz 2017"]
[Site "Linares"]
[Date "2017.08.12"]
[Round "1"]
[White "Fernandez Torre, Ivan"]
[Black "Vazquez Igarza, Renier"]
[Result "0-1"]
[Board "9"]
[WhiteElo "2096"]
[WhiteCountry "ESP"]
[WhiteFideId "2229528"]
[WhiteEloChange "-2"]
[BlackTitle "GM"]
[BlackElo "2577"]
[BlackCountry "ESP"]
[BlackFideId "3503054"]
[BlackEloChange "1"]

1. d4 {[%clk 0:03:03]} Nf6 {[%clk 0:03:03]} 2. c4 {[%clk 0:03:04]} c6 {[%clk
0:03:04]} 3. Nc3 {[%clk 0:03:04]} d5 {[%clk 0:03:05]} 4. Nf3 {[%clk 0:03:01]} e6
{[%clk 0:03:04]} 5. h3 {[%clk 0:02:58]} dxc4 {[%clk 0:03:02]} 6. a4 {[%clk
0:02:57]} Bb4 {[%clk 0:03:00]} 7. e3 {[%clk 0:02:53]} b5 {[%clk 0:02:56]} 8. Bd2
{[%clk 0:02:41]} a5 {[%clk 0:02:46]} 9. g4 {[%clk 0:02:27]} Bb7 {[%clk 0:02:43]}
10. Bg2 {[%clk 0:02:27]} Bxc3 {[%clk 0:02:29]} 11. bxc3 {[%clk 0:02:24]} Nbd7
{[%clk 0:02:24]} 12. Qb1 {[%clk 0:02:17]} Rb8 {[%clk 0:02:09]} 13. O-O {[%clk
0:02:10]} O-O {[%clk 0:02:06]} 14. e4 {[%clk 0:02:06]} c5 {[%clk 0:01:51]} 15.
Re1 {[%clk 0:01:35]} b4 {[%clk 0:01:11]} 16. Bf4 {[%clk 0:01:33]} Rc8 {[%clk
0:00:51]} 17. Bd6 {[%clk 0:01:32]} Re8 {[%clk 0:00:44]} 18. dxc5 {[%clk 0:01:32]}
Nxc5 {[%clk 0:00:34]} 19. Bxc5 {[%clk 0:01:32]} Rxc5 {[%clk 0:00:35]} 20. cxb4
{[%clk 0:01:34]} axb4 {[%clk 0:00:34]} 21. Qxb4 {[%clk 0:01:35]} Qc7 {[%clk
0:00:33]} 22. a5 {[%clk 0:01:35]} Bxe4 {[%clk 0:00:25]} 23. g5 {[%clk 0:01:34]}
Bxf3 {[%clk 0:00:26]} 24. Bxf3 {[%clk 0:01:35]} Rxg5+ {[%clk 0:00:26]} 25. Bg2
{[%clk 0:01:33]} Nd5 {[%clk 0:00:25]} 26. Qd2 {[%clk 0:01:33]} h6 {[%clk
0:00:22]} 27. Re4 {[%clk 0:01:33]} c3 {[%clk 0:00:23]} 28. Qc2 {[%clk 0:01:30]}
Ra8 {[%clk 0:00:22]} 29. a6 {[%clk 0:01:31]} Qb6 {[%clk 0:00:19]} 30. h4 {[%clk
0:01:31]} Rg6 {[%clk 0:00:20]} 31. Rea4 {[%clk 0:01:24]} Ra7 {[%clk 0:00:21]} 32.
Rb1 {[%clk 0:01:17]} Qd6 {[%clk 0:00:20]} 33. Rb7 {[%clk 0:01:15]} Ra8 {[%clk
0:00:20]} 34. a7 {[%clk 0:01:15]} Nf4 {[%clk 0:00:21]} 35. Rxf4 {[%clk 0:01:08]}
Qxf4 {[%clk 0:00:22]} 36. Qxc3 {[%clk 0:01:09]} h5 {[%clk 0:00:17]} 37. Qb2
{[%clk 0:01:08]} Qg4 {[%clk 0:00:17]} 38. Rb8+ {[%clk 0:01:08]} Kh7 {[%clk
0:00:19]} 39. f3 {[%clk 0:01:08]} Qxg2+ {[%clk 0:00:17]} 40. Qxg2 {[%clk
0:01:09]} Rxg2+ {[%clk 0:00:18]} 41. Kxg2 {[%clk 0:01:10]} Rxa7 {[%clk 0:00:19]}
42. Rb2 {[%clk 0:01:09]} Ra4 {[%clk 0:00:20]} 43. Kg3 {[%clk 0:01:10]} e5 {[%clk
0:00:21]} 44. Re2 {[%clk 0:01:09]} f6 {[%clk 0:00:22]} 45. Rb2 {[%clk 0:01:10]}
Kg6 {[%clk 0:00:23]} 46. Rb7 {[%clk 0:01:11]} Rd4 {[%clk 0:00:24]} 47. Rb3 {[%clk
0:01:12]} Rd7 {[%clk 0:00:25]} 48. Ra3 {[%clk 0:01:12]} Kf5 {[%clk 0:00:26]} 49.
Rb3 {[%clk 0:01:14]} Rc7 {[%clk 0:00:27]} 50. Ra3 {[%clk 0:01:14]} g6 {[%clk
0:00:28]} 51. Rb3 {[%clk 0:01:17]} Rc4 {[%clk 0:00:29]} 52. Rb6 {[%clk 0:01:17]}
Rc3 {[%clk 0:00:29]} 53. Ra6 {[%clk 0:01:18]} e4 {[%clk 0:00:27]} 54. Ra5+ {[%clk
0:01:19]} Ke6 {[%clk 0:00:28]} 55. Ra6+ {[%clk 0:01:18]} Kf7 {[%clk 0:00:29]} 56.
Ra7+ {[%clk 0:01:19]} Kg8 {[%clk 0:00:31]} 57. Ra8+ {[%clk 0:01:19]} Kg7 {[%clk
0:00:32]} 58. Ra7+ {[%clk 0:01:20]} Kh6 {[%clk 0:00:33]} 59. Ra4 {[%clk 0:01:12]}
Rxf3+ {[%clk 0:00:33]} 60. Kg2 {[%clk 0:01:13]} Rf4 {[%clk 0:00:34]} 61. Kg3
{[%clk 0:01:15]} Rg4+ {[%clk 0:00:35]} 0-1

[Event "Campeonato de España Blitz 2017"]
[Site "Linares"]
[Date "2017.08.12"]
[Round "1"]
[White "Alonso Rosell, Alvar"]
[Black "Semenova, Elena"]
[Result "1-0"]
[Board "10"]
[WhiteTitle "GM"]
[WhiteElo "2575"]
[WhiteCountry "ESP"]
[WhiteFideId "2270544"]
[WhiteEloChange "1"]
[BlackTitle "WIM"]
[BlackElo "2093"]
[BlackCountry "RUS"]
[BlackFideId "24125148"]
[BlackEloChange "-2"]

1. d4 {[%clk 0:03:03]} Nf6 {[%clk 0:03:03]} 2. Nf3 {[%clk 0:03:04]} e6 {[%clk
0:03:04]} 3. g3 {[%clk 0:03:04]} b6 {[%clk 0:03:06]} 4. Bg2 {[%clk 0:03:05]} Bb7
{[%clk 0:03:07]} 5. O-O {[%clk 0:03:06]} Be7 {[%clk 0:03:08]} 6. c4 {[%clk
0:03:06]} O-O {[%clk 0:03:09]} 7. Nc3 {[%clk 0:03:07]} d6 {[%clk 0:02:48]} 8. d5
{[%clk 0:02:56]} e5 {[%clk 0:02:39]} 9. e4 {[%clk 0:02:51]} c6 {[%clk 0:02:28]}
10. Re1 {[%clk 0:02:17]} cxd5 {[%clk 0:02:22]} 11. cxd5 {[%clk 0:02:17]} Nbd7
{[%clk 0:02:16]} 12. Bf1 {[%clk 0:02:03]} a6 {[%clk 0:01:49]} 13. Be3 {[%clk
0:01:58]} Ng4 {[%clk 0:01:28]} 14. Bd2 {[%clk 0:01:46]} f5 {[%clk 0:01:03]} 15.
exf5 {[%clk 0:01:46]} Rxf5 {[%clk 0:00:58]} 16. h3 {[%clk 0:01:42]} Ngf6 {[%clk
0:00:37]} 17. g4 {[%clk 0:01:33]} Rxf3 {[%clk 0:00:26]} 18. Qxf3 {[%clk 0:01:33]}
b5 {[%clk 0:00:26]} 19. g5 {[%clk 0:01:21]} Ne8 {[%clk 0:00:21]} 20. Qg4 {[%clk
0:01:19]} Nf8 {[%clk 0:00:21]} 21. Bd3 {[%clk 0:01:09]} Bc8 {[%clk 0:00:21]} 22.
Bf5 {[%clk 0:01:09]} Bxf5 {[%clk 0:00:20]} 23. Qxf5 {[%clk 0:01:09]} Ng6 {[%clk
0:00:21]} 24. Ne4 {[%clk 0:01:08]} Nc7 {[%clk 0:00:21]} 25. Rac1 {[%clk 0:01:07]}
Kh8 {[%clk 0:00:21]} 26. Ba5 {[%clk 0:01:05]} Ra7 {[%clk 0:00:21]} 27. Rc6 {[%clk
0:00:54]} Qb8 {[%clk 0:00:08]} 28. Rec1 {[%clk 0:00:54]} 1-0

[Event "Campeonato de España Blitz 2017"]
[Site "Linares"]
[Date "2017.08.12"]
[Round "1"]
[White "Garcia Perez, Javier"]
[Black "Dvirnyy, Danyyil"]
[Result "0-1"]
[Board "11"]
[WhiteElo "2091"]
[WhiteCountry "ESP"]
[WhiteFideId "22238751"]
[WhiteEloChange "-2"]
[BlackTitle "GM"]
[BlackElo "2566"]
[BlackCountry "ITA"]
[BlackFideId "817570"]
[BlackEloChange "1"]

1. e4 {[%clk 0:03:02]} c6 {[%clk 0:03:04]} 2. Nc3 {[%clk 0:03:02]} d5 {[%clk
0:03:05]} 3. Nf3 {[%clk 0:03:02]} Bg4 {[%clk 0:03:05]} 4. h3 {[%clk 0:03:04]}
Bxf3 {[%clk 0:03:08]} 5. Qxf3 {[%clk 0:03:04]} e6 {[%clk 0:03:10]} 6. d4 {[%clk
0:03:04]} dxe4 {[%clk 0:03:11]} 7. Qe3 {[%clk 0:02:59]} Nf6 {[%clk 0:03:08]} 8.
Nxe4 {[%clk 0:03:00]} Nbd7 {[%clk 0:03:06]} 9. Be2 {[%clk 0:02:44]} Be7 {[%clk
0:03:04]} 10. O-O {[%clk 0:02:43]} O-O {[%clk 0:03:04]} 11. Nxf6+ {[%clk
0:02:33]} Bxf6 {[%clk 0:03:05]} 12. Bf3 {[%clk 0:02:32]} a5 {[%clk 0:03:00]} 13.
Rd1 {[%clk 0:02:01]} a4 {[%clk 0:02:51]} 14. Bd2 {[%clk 0:01:39]} Nb6 {[%clk
0:02:51]} 15. b3 {[%clk 0:01:37]} Bxd4 {[%clk 0:02:43]} 16. Qe2 {[%clk 0:01:24]}
Bxa1 {[%clk 0:02:43]} 17. Rxa1 {[%clk 0:01:23]} axb3 {[%clk 0:02:44]} 18. cxb3
{[%clk 0:01:24]} Nd5 {[%clk 0:02:45]} 19. a4 {[%clk 0:01:14]} Qb6 {[%clk
0:02:45]} 20. Qc4 {[%clk 0:01:13]} Rfd8 {[%clk 0:02:43]} 21. Bg5 {[%clk 0:01:12]}
Rd7 {[%clk 0:02:41]} 22. Re1 {[%clk 0:01:00]} h6 {[%clk 0:02:40]} 23. Bc1 {[%clk
0:00:59]} Qb4 {[%clk 0:02:39]} 24. Qe2 {[%clk 0:00:51]} Qxb3 {[%clk 0:02:30]} 25.
Be4 {[%clk 0:00:46]} Qxa4 {[%clk 0:02:12]} 26. Bc2 {[%clk 0:00:42]} Nf4 {[%clk
0:01:55]} 27. Bxf4 {[%clk 0:00:23]} Qxf4 {[%clk 0:01:56]} 28. Bb1 {[%clk
0:00:21]} Rd2 {[%clk 0:01:54]} 0-1

[Event "Campeonato de España Blitz 2017"]
[Site "Linares"]
[Date "2017.08.12"]
[Round "1"]
[White "Ljubojevic, Ljubomir"]
[Black "Veganzones Rojo, David"]
[Result "1-0"]
[Board "12"]
[WhiteTitle "GM"]
[WhiteElo "2540"]
[WhiteCountry "SRB"]
[WhiteFideId "900010"]
[WhiteEloChange "1"]
[BlackElo "2087"]
[BlackCountry "ESP"]
[BlackFideId "2223767"]
[BlackEloChange "-2"]

1. e4 {[%clk 0:03:02]} e5 {[%clk 0:03:03]} 2. Nf3 {[%clk 0:03:01]} Nc6 {[%clk
0:03:03]} 3. Bb5 {[%clk 0:03:00]} f5 {[%clk 0:03:03]} 4. d4 {[%clk 0:02:55]} fxe4
{[%clk 0:03:02]} 5. Nxe5 {[%clk 0:02:56]} Nxe5 {[%clk 0:03:03]} 6. dxe5 {[%clk
0:02:57]} c6 {[%clk 0:03:04]} 7. Bc4 {[%clk 0:01:50]} Qa5+ {[%clk 0:03:04]} 8.
Nc3 {[%clk 0:01:51]} Qxe5 {[%clk 0:03:05]} 9. Qe2 {[%clk 0:01:39]} d5 {[%clk
0:02:58]} 10. Bb3 {[%clk 0:01:40]} Bd6 {[%clk 0:02:53]} 11. Bd2 {[%clk 0:01:33]}
Nf6 {[%clk 0:02:51]} 12. O-O-O {[%clk 0:01:21]} Bd7 {[%clk 0:02:30]} 13. Be3
{[%clk 0:01:10]} O-O {[%clk 0:02:13]} 14. h3 {[%clk 0:01:02]} Kh8 {[%clk
0:02:12]} 15. g4 {[%clk 0:01:01]} a5 {[%clk 0:01:47]} 16. a4 {[%clk 0:01:02]}
Rae8 {[%clk 0:01:23]} 17. Kb1 {[%clk 0:00:56]} Qe7 {[%clk 0:01:14]} 18. g5 {[%clk
0:00:52]} Ng8 {[%clk 0:01:13]} 19. h4 {[%clk 0:00:49]} Bf4 {[%clk 0:00:56]} 20.
Bb6 {[%clk 0:00:29]} Be5 {[%clk 0:00:40]} 21. Rhg1 {[%clk 0:00:24]} Rf3 {[%clk
0:00:37]} 22. Be3 {[%clk 0:00:22]} Ref8 {[%clk 0:00:30]} 23. Qd2 {[%clk 0:00:15]}
Be6 {[%clk 0:00:21]} 24. h5 {[%clk 0:00:12]} Qb4 {[%clk 0:00:15]} 25. Qe1 {[%clk
0:00:11]} Bxc3 {[%clk 0:00:11]} 26. bxc3 {[%clk 0:00:12]} Qe7 {[%clk 0:00:12]}
27. Qd2 {[%clk 0:00:12]} Rd8 {[%clk 0:00:10]} 28. Qd4 {[%clk 0:00:13]} Rdf8
{[%clk 0:00:06]} 29. h6 {[%clk 0:00:15]} Qf7 {[%clk 0:00:04]} 30. hxg7+ {[%clk
0:00:15]} Qxg7 {[%clk 0:00:05]} 31. Qc5 {[%clk 0:00:16]} Bc8 {[%clk 0:00:05]} 32.
Bd4 {[%clk 0:00:18]} 1-0